Robins and another v Tupman and another (Record no. 32642)
[ view plain ]
| 000 -LEADER | |
|---|---|
| fixed length control field | 01553cab a2200229 4500 |
| 001 - CONTROL NUMBER | |
| control field | Z3414 |
| 008 - FIXED-LENGTH DATA ELEMENTS--GENERAL INFORMATION | |
| fixed length control field | 090401t1993 xxu||||| |||| 00| 0 eng d |
| 035 ## - SYSTEM CONTROL NUMBER | |
| System control number | (Sirsi) u52890 |
| 041 ## - LANGUAGE CODE | |
| Language code of text/sound track or separate title | eng |
| 245 ## - TITLE STATEMENT | |
| Title | Robins and another v Tupman and another |
| 260 ## - PUBLICATION, DISTRIBUTION, ETC. | |
| Date of publication, distribution, etc. | 1993 |
| 350 ## - PRICE (NR) (BK AM CF MU VM SE) [OBSOLETE] | |
| Price | 0 |
| 490 ## - SERIES STATEMENT | |
| Series statement | Structural Survey |
| Volume/sequential designation | 11(4) Spring 1993, 401-408(8) |
| 520 ## - SUMMARY, ETC. | |
| Summary, etc. | CA 19 October 1992. R claimed nuisance and negligence against neighbours T for installing an inadequate drainage system which leaked onto R`s land. In 1978 the common owner Miss Blenham B conveyed the house, garden and northern part of land including septic tank but not the soakaway to T. The conveyance did not contain any express grant of an easement of drainage from the septic tank to a soakaway on another part of the land. In 1978, B conveyed another part of the land to R. R built a bungalow and garage and after severed the drain from T`s septic tank and requested them to stop using the system. T constructed an alternative system in 1982 and their claim for £2,358.69 to cover the cost from R was allowed. From 1984, R complained of problems arising from the new system. CA dismissed R`s claim on the grounds that it was R`s obstruction of easement of drainage which was the cause of the nuisance. It was recognised that T had taken reasonable steps to rectify the problem by installing |
| 650 ## - SUBJECT ADDED ENTRY--TOPICAL TERM | |
| Topical term or geographic name entry element | DRAINAGE |
| 650 ## - SUBJECT ADDED ENTRY--TOPICAL TERM | |
| Topical term or geographic name entry element | EASEMENTS |
| 650 ## - SUBJECT ADDED ENTRY--TOPICAL TERM | |
| Topical term or geographic name entry element | NUISANCE |
| 650 ## - SUBJECT ADDED ENTRY--TOPICAL TERM | |
| Topical term or geographic name entry element | OBSTRUCTION |
| 690 ## - LOCAL SUBJECT ADDED ENTRY--TOPICAL TERM (OCLC, RLIN) | |
| Topical term or geographic name as entry element | HIGHWAYS AND RIGHTS OF WAY-CASE LAW |
| 942 ## - ADDED ENTRY ELEMENTS (KOHA) | |
| Suppress in OPAC | 0 |
| 948 ## - LOCAL PROCESSING INFORMATION (OCLC); SERIES PART DESIGNATOR (RLIN) | |
| c (OCLC) | 04/03/1997 |
| Withdrawn status | Lost status | Source of classification or shelving scheme | Damaged status | Not for loan | Home library | Current library | Shelving location | Date acquired | Total Checkouts | Full call number | Barcode | Date last seen | Copy number | Price effective from | Koha item type |
|---|---|---|---|---|---|---|---|---|---|---|---|---|---|---|---|
| Dewey Decimal Classification | London | London | Journal article | 14/09/1999 | Z3414 | 52890-1001 | 06/08/2019 | 1 | 06/08/2019 | Journal article |